000 00797nam a2200193Ia 4500
008 130821s1960 mx gr spa
040 _aCo-BoUCM
_bspa
041 0 0 _aspa
100 1 _aLink, Arthur Stanley
245 1 3 _aLa política de Estados Unidos en América Latina, 1913-1916
_cArthur S. Link ; tr. Fernando Rosenzweig
260 _aMéxico D.F. (México)
_bFondo de Cultura Económica
_c1960
300 _a287 páginas
490 0 _aSección de Obras de Política
651 7 _aAmérica Latina
_bRelaciones internacionales
_y1913-1916
_926570
651 7 _aAmérica Latina
_xCondiciones sociales
_y1913-1916
_926570
651 7 _aEstados Unidos
_bRelaciones internacionales
_zAmérica Latina
_97595
942 _cLIBRO
_a6
_e1
_mL45
_2DEWEY
_h327.73098
999 _c61247
_d61247